00592 a2200169 4500020001500000040001300015082001000028100002300038245004700061260004900108300003500157650004000192650002000232942002300252999001500275952013200290 a0131008250 aDLCbDLC00a572.81 aBergeron, Bryan P.10aBioinformatics computing cBryan Bergeron. aNew Delhi :bPrentice-Hall of India,cc2003. axxii, 439 p. :bill. ;c24 cm. 0aMolecular biologyxData processing. 0aBioinformatics. cBKk572.8 BER2ddc c7860d7860 001040708NFICaCLbCLcGENd2005-08-27eAcademic Book companyg378.00l0o572.8 BERpseecs006362r2026-03-17w2017-01-05yBK